Score 0/12 Timer 01:30
5 Plays Today
Hint 4-Letter Word % Correct
Perceive with one's earsHEAR
98.3%
Deprived of life; no longer livingDEAD
98%
Drop of fluid from the eyeTEAR
97.5%
●West Virginia state animal, the black ____●BEAR●
96.8%
Unit of lettuceHEAD
95.6%
Rosary unitBEAD
95.3%
Highly valued, as with a friendDEAR
95.3%
A dark greenish-blue color or a species of duckTEAL
93.1%
●West Virginia state rock which is also a fossil fuel●●COAL●
89.4%
Young offspring of a horseFOAL
87.8%
Faithful or loyal, archaicallyFEAL
82.1%
●Marshall University Thundering ____ athletics●●HERD●
76.4%

Today's Daily Dose

Missing Word
'D' in Video Games

Word Ladder
Lent Begins

Get the Picture
Antz or A Bug's Life?

You're not logged in!

Compare scores with friends on all Sporcle quizzes.
OR
Log In

Sporcle TV

Today on Sporcle TV


Watch our educational content, quiz creation guides, and fun videos on Sporcle TV.

Show Comments

Extras

Top Quizzes Today


Score Distribution

Paid Content

Your Account Isn't Verified!

In order to create a playlist on Sporcle, you need to verify the email address you used during registration. Go to your Sporcle Settings to finish the process.

Report this User

Report this user for behavior that violates our Community Guidelines.

Details: